<?xml version="1.0" encoding="UTF-8"?>
<collection xmlns="http://www.loc.gov/MARC21/slim">
 <record>
  <leader>01020nam a2200241   4500</leader>
  <controlfield tag="001">1/48567</controlfield>
  <controlfield tag="008">190402s1980    gr             001  eng  </controlfield>
  <datafield tag="035" ind1=" " ind2=" ">
   <subfield code="l">51564</subfield>
  </datafield>
  <datafield tag="040" ind1=" " ind2=" ">
   <subfield code="a">GR-PeUP</subfield>
  </datafield>
  <datafield tag="082" ind1="0" ind2="0">
   <subfield code="a">423.1 ROG</subfield>
  </datafield>
  <datafield tag="090" ind1=" " ind2=" ">
   <subfield code="a">R 423.1 ROG</subfield>
  </datafield>
  <datafield tag="100" ind1="1" ind2=" ">
   <subfield code="a">Roget, Peter Mark,</subfield>
   <subfield code="d">1779-1869.</subfield>
  </datafield>
  <datafield tag="245" ind1="1" ind2="0">
   <subfield code="a">Roget's thesaurus of synonyms and antonyms /</subfield>
   <subfield code="c">by Peter Mark Roget ; enlarged by John Lewis Roget ; new edition revised and enlarged by Samuel Romilly Roget.</subfield>
  </datafield>
  <datafield tag="250" ind1=" " ind2=" ">
   <subfield code="a">Νέα έκδ. αναθεωρημένη και εμπλουτισμένη.</subfield>
  </datafield>
  <datafield tag="260" ind1=" " ind2=" ">
   <subfield code="a">London :</subfield>
   <subfield code="b">College Books,</subfield>
   <subfield code="c">1980.</subfield>
  </datafield>
  <datafield tag="300" ind1=" " ind2=" ">
   <subfield code="a">201 σ. ;</subfield>
   <subfield code="c">19 εκ.</subfield>
  </datafield>
  <datafield tag="650" ind1=" " ind2="4">
   <subfield code="a">Αγγλική γλώσσα</subfield>
   <subfield code="x">Λεξικά.</subfield>
  </datafield>
  <datafield tag="650" ind1=" " ind2="4">
   <subfield code="a">English language</subfield>
   <subfield code="x">Synonyms and antonyms.</subfield>
  </datafield>
  <datafield tag="650" ind1=" " ind2="4">
   <subfield code="a">Thesaurus.</subfield>
  </datafield>
  <datafield tag="650" ind1=" " ind2="4">
   <subfield code="a">Αγγλική γλώσσα</subfield>
   <subfield code="x">Συνώνυμα και αντώνυμα.</subfield>
  </datafield>
  <datafield tag="700" ind1="1" ind2=" ">
   <subfield code="a">Roget, John Lewis.</subfield>
  </datafield>
  <datafield tag="700" ind1="1" ind2=" ">
   <subfield code="a">Roget, Samuel Romilly,</subfield>
   <subfield code="d">1875-</subfield>
  </datafield>
  <datafield tag="852" ind1=" " ind2=" ">
   <subfield code="a">INST</subfield>
   <subfield code="b">UNIPILB</subfield>
   <subfield code="c">REF</subfield>
   <subfield code="e">20190402</subfield>
   <subfield code="h">R 423.1 ROG</subfield>
   <subfield code="p">00180329</subfield>
   <subfield code="q">00180329</subfield>
   <subfield code="t">NOLOAN</subfield>
   <subfield code="y">23</subfield>
   <subfield code="4">1</subfield>
  </datafield>
 </record>
</collection>
